Chemical regulation in the EU : (رقم التسجيلة. 32145)
[ عرض عادي ]
| 000 -الفاتح | |
|---|---|
| حقل البيانات ثابتة الطول | 01945cam a22004094a 4500 |
| 001 - رقم الضبط | |
| رقم الضبط | 17004059 |
| 003 - محدد رقم الضبط | |
| رقم الضبط | OSt |
| 005 - وقت وتاريخ اخر تعامل مع التسجيلة | |
| رقم الضبط | 20150408114152.0 |
| 008 - عناصر البيانات ثابتة الطول - معلومات عامة | |
| حقل البيانات ثابتة الطول | 111018s2012 nyua b 001 0 eng |
| 010 ## - رقم ضبط مكتبة الكونجرس | |
| رقم ضبط مكتبة الكونجرس | 2011038321 |
| 020 ## - الرقم الدولى المعيارى للكتب | |
| الرقم الدولى المعيارى للكتاب | 9781621007869 (softcover) |
| 020 ## - الرقم الدولى المعيارى للكتب | |
| الرقم الدولى المعيارى للكتاب | 1621007863 (softcover) |
| 035 ## - رقم ضبط النظام | |
| رقم ضبط النظام | (OCoLC)ocn752071757 |
| 040 ## - مصدر الفهرسة | |
| وكالة الفهرسة الأصلية | DLC |
| لغة الفهرسة | eng |
| وكالة النسخ | DLC |
| وكالة التعديل | YDX |
| -- | BTCTA |
| -- | YDXCP |
| -- | DLC |
| 042 ## - رمز التحقق | |
| رمز التحقق | pcc |
| 043 ## - رمز المنطقة الجغرافية | |
| رمز المنطقة الجغرافية | e------ |
| 050 00 - رقم طلب مكتبة الكونجرس | |
| رقم التصنيف | RA566.27 |
| رقم المادة | .C437 2012 |
| 082 00 - رقم تصنيف ديوى العشرى | |
| رقم التصنيف | 363.17094 |
| رقم الطبعة | 23 |
| رقم المادة | CRH |
| 245 00 - بيان العنوان | |
| العنوان | Chemical regulation in the EU : |
| بقية العنوان | introduction and comparisons / |
| بيان المسئوليه,etc | Shannon M. McDonnery and Cindy L. Elroy, editors. |
| 260 ## - PUBLICATION, DISTRIBUTION, ETC. (IMPRINT) | |
| مكان الناشر او الموزع | New York : |
| اسم الناشر او الموزع | Nova Science Publishers, |
| تاريخ النشر أو التوزيع | c2012. |
| 300 ## - الوصف المادى | |
| التعداد | viii, 63 p. : |
| تفاصيل ماديه اخرى للوعاء | ill. ; |
| أبعاد الوعاء | 23 cm. |
| 490 0# - بيان السلسلة | |
| عنوان السلسلة | Chemical engineering methods and technology |
| 490 0# - بيان السلسلة | |
| عنوان السلسلة | Environmental health physical, chemical and biological factors |
| 504 ## - تبصرة ببليوجرافية | |
| تبصرة ببليوجرافية,الخ | Includes bibliographical references and index. |
| 505 0# - تبصرة محتويات-الفهرس | |
| تبصرة المحتويات المصاغة | Chemical regulation in the European Union : registration, evaluation, and authorization of chemicals / Linda-Jo Schierow -- Chemical regulation : comparison of U.S. and recently enacted European Union approaches to protect against the risks of toxic chemicals / GAO. |
| 610 22 - المدخل الاضافى بالموضوع-اسم هيئة | |
| اسم الهيئة أو اسم السلطة كمدخل | REACH (System) |
| 9 (RLIN) | 39986 |
| 650 #0 - المدخل الاضافى بالموضوع-مصطلح موضوعى | |
| مصطلح موضوعي أو اسم جغرافي كعنصر مدخل | Health risk assessment |
| التقسيم الفرعي الجغرافي | European Union countries. |
| 9 (RLIN) | 39987 |
| 650 #0 - المدخل الاضافى بالموضوع-مصطلح موضوعى | |
| مصطلح موضوعي أو اسم جغرافي كعنصر مدخل | Hazardous substances |
| التقسيم الفرعي العام | Risk assessment |
| التقسيم الفرعي الجغرافي | European Union countries. |
| 9 (RLIN) | 39988 |
| 650 #0 - المدخل الاضافى بالموضوع-مصطلح موضوعى | |
| مصطلح موضوعي أو اسم جغرافي كعنصر مدخل | Chemical industry |
| التقسيم الفرعي العام | Law and legislation |
| التقسيم الفرعي الجغرافي | European Union countries. |
| 9 (RLIN) | 39989 |
| 700 1# - المدخل الاضافى - اسم شخصى | |
| الإسم الشخصى | McDonnery, Shannon M. |
| 9 (RLIN) | 39990 |
| 700 1# - المدخل الاضافى - اسم شخصى | |
| الإسم الشخصى | Elroy, Cindy L. |
| 9 (RLIN) | 39991 |
| 700 12 - المدخل الاضافى - اسم شخصى | |
| الإسم الشخصى | Schierow, Linda-Jo. |
| عنوان العمل | Chemical regulation in the European Union. |
| 9 (RLIN) | 39992 |
| 710 12 - المدخل الاضافى - اسم هيئه | |
| اسم الهيئة أو اسم السلطة كمدخل | United States. |
| وحده ملحقة | General Accounting Office. |
| عنوان العمل | Chemical regulation. |
| 9 (RLIN) | 39993 |
| 906 ## - عنصر بيانات محلى F, LDF (RLIN) | |
| a | 7 |
| b | cbc |
| c | orignew |
| d | 1 |
| e | ecip |
| f | 20 |
| g | y-gencatlg |
| 942 ## - عناصر المدخل الإضافي( كوها) | |
| مصدر التصنيف او مخطط الترفيف | Dewey Decimal Classification |
| Koha [default] item type | DVD |
| حالة الفقد | نموذج السعر الفعال | حالة تلف | ليس للاعارة | رقم الطلب | تاريخ الاكتساب | الموقع الحالي | الفرع الرئيسي | Date last seen | نوع المادة فى نظام كوها | مصدر التصنيف او خطة الترفيف | Total Checkouts |
|---|---|---|---|---|---|---|---|---|---|---|---|
| 2013-11-16 | 363.17094 CRH | 2013-11-16 | المكتبة المركزية بالمجمعة (CL) | المكتبة المركزية بالمجمعة (CL) | 2013-11-16 | كتاب | Dewey Decimal Classification |
